00684nam a2200181Ia 4500008004100000020001800041050001700059100003500076245012400111250001900235260003100254300003000285490002300315500002700338505007400365650001800439700004500457120625s2008 mx 001 0 spa d a9789708112031 4aHD62.7 bD431 aDebernardo, Héctore , autor14aLas Pymesb : principales causas de fracaso y cómo combatirlasc / Héctor Debernardo, Margarita Hurtado Hernández a1a. edición  aMéxicob : ISEFc , 2008 a108 páginasc ; 21 cm. 0 aColección Pymes  a1a. reimpresión 20100 aEstrategia Comercial Operaciones Administración Capital humano  4aMICROEMPRESAS1 aHurtado Hernández, Margaritae , autor